[Event "26th EUR-ch"]
[Site "Katowice POL"]
[Date "2026.04.15"]
[Round "8.99"]
[White "Nakonechnyi, Oleksii"]
[Black "Besou, Hussain"]
[Result "0-1"]
[WhiteElo "2297"]
[BlackElo "2427"]
[EventDate "2026.04.07"]
[PlyCount "80"]

1.Nf3 Nf6 2.g3 g6 3.b3 Bg7 4.Bb2 d5 5.Bg2 c5 6.c4 d4 7.b4 O-O 8.O-O Re8 9.
bxc5 e5 10.d3 Nfd7 11.Nbd2 Nxc5 12.Nb3 Na4 13.Qc1 Bd7 14.Rb1 Bc6 15.Ba1 
Na6 16.Qd2 b6 17.Ne1 Bxg2 18.Nxg2 Qd7 19.e3 dxe3 20.Nxe3 Rad8 21.Rbd1 f5 
22.f4 exf4 23.Nd5 fxg3 24.hxg3 Qd6 25.Qg5 h6 26.Qh4 Nc7 27.Nf6+ Bxf6 28.
Bxf6 Rd7 29.Rfe1 Nc5 30.d4 Rxe1+ 31.Rxe1 Ne4 32.Be5 Qf8 33.Rxe4 fxe4 34.
Nd2 e3 35.Ne4 Ne8 36.Bf4 e2 37.Kf2 Re7 38.Kxe2 Rxe4+ 39.Kd3 Qf5 40.Kc3 g5 
0-1

[Event "26th EUR-ch"]
[Site "Katowice POL"]
[Date "2026.04.15"]
[Round "8.100"]
[White "Szczurek, Krzysztof"]
[Black "Piesik, Piotr"]
[Result "0-1"]
[WhiteElo "2273"]
[BlackElo "2407"]
[EventDate "2026.04.07"]
[PlyCount "158"]

1.e4 c6 2.d4 d5 3.f3 Qb6 4.Nc3 dxe4 5.Bc4 Nf6 6.fxe4 e5 7.Nf3 exd4 8.Qxd4 
Qxd4 9.Nxd4 Bc5 10.Nb3 Bb6 11.Bf4 Ng4 12.Rf1 Nd7 13.h3 Nge5 14.Be2 O-O 15.
O-O-O Re8 16.Na4 Bc7 17.Nac5 Nf8 18.Kb1 Nfg6 19.Bg3 a6 20.h4 b6 21.h5 Nf8 
22.Nd3 c5 23.Nxe5 Bxe5 24.Bxe5 Rxe5 25.Rd5 Rxe4 26.Bf3 Re8 27.h6 Bb7 28.
hxg7 Ng6 29.Rh5 Bxf3 30.gxf3 Re5 31.Rxe5 Nxe5 32.a4 Rd8 33.Kc1 Kxg7 34.a5 
c4 35.Nd2 b5 36.Ne4 Rd5 37.Rh1 h6 38.Nc3 Rd6 39.Ne4 Re6 40.Rg1+ Kh7 41.Nd2
Nc6 42.Rh1 f5 43.f4 Re3 44.Kd1 Nxa5 45.Nf1 Re6 46.Ng3 Rf6 47.Ke2 Nc6 48.c3
Ne7 49.Rd1 Kg6 50.Kf3 Re6 51.Rd8 Kf7 52.Ne2 Nc6 53.Rd5 Rf6 54.Rc5 Kg6 55.
Rd5 h5 56.Rd1 Kf7 57.Rh1 Rh6 58.Ng3 Ne7 59.Rxh5 Rxh5 60.Nxh5 Ke6 61.Ke3 
Kd5 62.Ng7 a5 63.Ne8 Kc5 64.Kd2 b4 65.Nc7 b3 66.Ne8 Nc8 67.Ng7 Nd6 68.Nh5 
a4 69.Kc1 Ne4 70.Ng7 Ng3 71.Ne8 Kd5 72.Nf6+ Ke6 73.Ne8 Ne2+ 74.Kd2 Nxf4 
75.Nc7+ Ke5 76.Nb5 Nd3 77.Na3 Nxb2 78.Kc1 Nd3+ 79.Kb1 Kd5 0-1

[Event "26th EUR-ch"]
[Site "Katowice POL"]
[Date "2026.04.15"]
[Round "8.101"]
[White "Turski, Bartlomiej"]
[Black "Sason, Noam"]
[Result "1-0"]
[WhiteElo "2404"]
[BlackElo "2199"]
[EventDate "2026.04.07"]
[PlyCount "93"]

1.e4 c5 2.Nf3 d6 3.d4 cxd4 4.Nxd4 Nf6 5.Nc3 a6 6.Be3 e5 7.Nb3 Be6 8.f3 h5 
9.Nd5 Bxd5 10.exd5 g6 11.Qd2 Nbd7 12.O-O-O Bg7 13.Kb1 Rc8 14.Rc1 O-O 15.
Rg1 e4 16.Be2 exf3 17.gxf3 Re8 18.Bd4 Ne5 19.f4 Neg4 20.Bxg4 Nxg4 21.h3 
Nh6 22.Bxg7 Kxg7 23.Nd4 Qf6 24.Qd3 Rc5 25.f5 g5 26.Nf3 g4 27.hxg4 hxg4 28.
Nh2 Kf8 29.Nxg4 Nxg4 30.Rxg4 Re5 31.Qg3 Ke7 32.Rg8 Kd7 33.Rb8 Kc7 34.Qg8 
Kb6 35.a4 a5 36.Rf1 Re2 37.Rf3 Re4 38.Rb3+ Rb4 39.Rxb4+ axb4 40.Qe8 Rc7 
41.Ra8 Kc5 42.Qb5+ Kd4 43.Qd3+ Ke5 44.Re8+ Kf4 45.Re4+ Kg5 46.Qg3+ Kh5 47.
Qh3+ 1-0

[Event "26th EUR-ch"]
[Site "Katowice POL"]
[Date "2026.04.15"]
[Round "8.102"]
[White "Medhus, Vitus Bondo"]
[Black "Krzywda, Andrzej"]
[Result "1-0"]
[WhiteElo "2401"]
[BlackElo "2172"]
[EventDate "2026.04.07"]
[PlyCount "93"]

1.e4 c5 2.Nf3 e6 3.d4 cxd4 4.Nxd4 Nc6 5.Nc3 Qc7 6.Ncb5 Qb8 7.Bd3 Nf6 8.O-O
Be7 9.b3 a6 10.Nxc6 dxc6 11.Nd4 e5 12.Nf3 O-O 13.Bb2 Nd7 14.Qe2 Re8 15.
Rfd1 Bf8 16.Rac1 b5 17.Qe3 Nc5 18.Be2 Bg4 19.Ng5 Bxe2 20.Qxe2 f6 21.Nf3 
Ne6 22.Nh4 Ra7 23.Qg4 Bc5 24.Rd3 Qb6 25.Rf1 Nf4 26.Rd2 g6 27.Bc1 Rf7 28.
Rdd1 Ne6 29.Bh6 Bf8 30.Bxf8 Nxf8 31.Nf5 Rc7 32.Rd6 Kh8 33.Ne3 Rf7 34.b4 
Qc7 35.Rfd1 Qe7 36.c3 Qc7 37.h4 a5 38.h5 c5 39.hxg6 hxg6 40.Qh3+ Kg7 41.
Ng4 cxb4 42.cxb4 Qc2 43.Qh6+ Kg8 44.Rc1 Qxe4 45.Nxf6+ Rxf6 46.Rxf6 Qb7 47.
Rcc6 1-0

[Event "26th EUR-ch"]
[Site "Katowice POL"]
[Date "2026.04.15"]
[Round "8.103"]
[White "Salimova, Nurgyul"]
[Black "Gradalski, Olaf"]
[Result "1-0"]
[WhiteElo "2399"]
[BlackElo "2167"]
[EventDate "2026.04.07"]
[PlyCount "107"]

1.d4 d5 2.Nf3 Nf6 3.c4 c6 4.Nbd2 Bf5 5.Nh4 Be6 6.e3 g6 7.Be2 Bg7 8.O-O O-O
9.Qc2 Nbd7 10.Rd1 a5 11.b3 c5 12.Ndf3 h6 13.dxc5 dxc4 14.Bxc4 Bxc4 15.Qxc4
e6 16.Bb2 g5 17.Ne5 gxh4 18.Nxd7 Nxd7 19.Bxg7 Kxg7 20.Qb5 a4 21.b4 Qg5 22.
Qxd7 h3 23.Qd4+ Kh7 24.Qe4+ Kh8 25.g3 Rfd8 26.a3 Kg7 27.Qf4 Qh5 28.f3 Kf8 
29.Qf6 Qg5 30.Qxg5 hxg5 31.Kf2 Ke7 32.g4 f5 33.Kg3 fxg4 34.Kxg4 Rh8 35.Rd4
Rh4+ 36.Kg3 Rxd4 37.exd4 Rd8 38.Rd1 Kf6 39.Kxh3 Kf5 40.Kg3 Rd5 41.b5 e5 
42.c6 bxc6 43.bxc6 exd4 44.Rc1 Rd8 45.c7 Rc8 46.Kf2 Ke5 47.Ke2 Kd6 48.Kd3 
Rxc7 49.Rxc7 Kxc7 50.Kxd4 Kd6 51.Ke4 Ke6 52.f4 gxf4 53.Kxf4 Kf6 54.Ke4 1-0

[Event "26th EUR-ch"]
[Site "Katowice POL"]
[Date "2026.04.15"]
[Round "8.104"]
[White "Smietanska, Wiktoria"]
[Black "Kanov, Nikola"]
[Result "1/2-1/2"]
[WhiteElo "2248"]
[BlackElo "2398"]
[EventDate "2026.04.07"]
[PlyCount "98"]

1.e4 c5 2.Nf3 e6 3.d4 cxd4 4.Nxd4 Nc6 5.Nc3 Qc7 6.Ndb5 Qb8 7.g3 a6 8.Nd4 
Nf6 9.Bg2 Qc7 10.O-O Nxd4 11.Qxd4 Bc5 12.Bf4 d6 13.Qd2 h6 14.Rad1 e5 15.
Be3 Bxe3 16.fxe3 Be6 17.Qxd6 Rc8 18.Qxc7 Rxc7 19.Rd2 Ke7 20.Nd5+ Bxd5 21.
exd5 Ne8 22.c3 Nd6 23.a4 h5 24.h3 e4 25.Rd4 f5 26.c4 g6 27.Rc1 Rhc8 28.Bf1
a5 29.h4 Kf6 30.Be2 Ke5 31.Kf2 Rc5 32.b3 Ra8 33.Rb1 Ra6 34.b4 axb4 35.Rxb4
Ra8 36.Rd1 Rac8 37.Rd4 R8c7 38.Ke1 Rg7 39.Kf2 Rgc7 40.Ke1 Rh7 41.Kf1 Rf7 
42.Rd1 Rfc7 43.Rd4 Rc8 44.Ke1 Rh8 45.Rd1 Rh7 46.Kf2 Rhc7 47.Rd4 Rc8 48.Ke1
Ra8 49.Rd1 Rac8 1/2-1/2

[Event "26th EUR-ch"]
[Site "Katowice POL"]
[Date "2026.04.15"]
[Round "8.105"]
[White "Balacek, Tadeas"]
[Black "Rzap, Filip"]
[Result "1/2-1/2"]
[WhiteElo "2396"]
[BlackElo "2123"]
[EventDate "2026.04.07"]
[PlyCount "66"]

1.d4 d5 2.c4 c6 3.Nc3 Nf6 4.Nf3 e6 5.e3 Nbd7 6.Be2 dxc4 7.a4 a5 8.Bxc4 Bd6
9.O-O O-O 10.h3 e5 11.Bb3 Qc7 12.Qc2 h6 13.Bd2 Re8 14.e4 exd4 15.Nxd4 Nc5 
16.Rfe1 Nxb3 17.Qxb3 Be6 18.Qc2 Rad8 19.Nxe6 Rxe6 20.Rad1 Rde8 21.Kh1 Bc5 
22.f4 Nh5 23.e5 Bf2 24.Ne4 Bxe1 25.Rxe1 g5 26.Qd1 Nxf4 27.Bxf4 gxf4 28.
Nf6+ Rxf6 29.exf6 Rxe1+ 30.Qxe1 Qd7 31.Qe4 Qe6 32.Qxf4 Kh7 33.Qc7 Qxf6 
1/2-1/2

[Event "26th EUR-ch"]
[Site "Katowice POL"]
[Date "2026.04.15"]
[Round "8.106"]
[White "Vykouk, Jan"]
[Black "Yekeler, Kerem Sarp"]
[Result "1-0"]
[WhiteElo "2553"]
[BlackElo "2116"]
[EventDate "2026.04.07"]
[PlyCount "93"]

1.Nf3 Nf6 2.c4 e6 3.g3 d5 4.Bg2 d4 5.d3 Nc6 6.O-O Bc5 7.Na3 O-O 8.Nc2 a5 
9.e3 e5 10.exd4 exd4 11.Re1 Bf5 12.Ne5 Nxe5 13.Rxe5 Bg4 14.Bf3 Nd7 15.Re1 
Bxf3 16.Qxf3 c6 17.b3 Bb4 18.Nxb4 axb4 19.Bd2 Qb6 20.Bh6 Nf6 21.Bg5 c5 22.
Re5 Nd7 23.Re7 Qd6 24.Rae1 Qg6 25.Rxd7 Qxg5 26.Rxb7 Qf6 27.Qxf6 gxf6 28.
Re2 Ra5 29.Rc7 Rfa8 30.Ree7 Rf8 31.Red7 Kg7 32.Rd5 Rxa2 33.Rcxc5 Rb2 34.
Rxd4 Rxb3 35.Rb5 Re8 36.c5 Rb1+ 37.Kg2 Re5 38.Rg4+ Kf8 39.Rc4 Kg7 40.d4 
Re8 41.Rbxb4 Ra1 42.Rb2 Ra7 43.c6 Rc7 44.d5 Rd8 45.Rb7 Rcc8 46.c7 Rd7 47.
d6 1-0

[Event "26th EUR-ch"]
[Site "Katowice POL"]
[Date "2026.04.15"]
[Round "8.107"]
[White "Lymar, Vladislav"]
[Black "Macias Pino, Diego"]
[Result "0-1"]
[WhiteElo "2289"]
[BlackElo "2495"]
[EventDate "2026.04.07"]
[PlyCount "62"]

1.e4 e6 2.d4 d5 3.Nd2 c5 4.exd5 Qxd5 5.Ngf3 cxd4 6.g3 Nc6 7.Bg2 Bc5 8.O-O 
Bb6 9.Re1 Nge7 10.c4 dxc3 11.bxc3 O-O 12.c4 Qh5 13.Bb2 Rd8 14.Re4 f6 15.
Qe2 e5 16.c5 Bc7 17.Nc4 Bf5 18.Rh4 Qf7 19.Ne3 Bd3 20.Qe1 e4 21.Nd2 Ba5 22.
Qc1 Ng6 23.Nxe4 Nxh4 24.gxh4 Bxe4 25.Bxe4 Bd2 26.Qc2 Bxe3 27.Bxh7+ Kh8 28.
fxe3 Qh5 29.Bf5 Rd5 30.e4 Nd4 31.Bxd4 Rxd4 0-1

[Event "26th EUR-ch"]
[Site "Katowice POL"]
[Date "2026.04.15"]
[Round "8.108"]
[White "Durucay, Uygar"]
[Black "Nemec, Jachym"]
[Result "0-1"]
[WhiteElo "2286"]
[BlackElo "2482"]
[EventDate "2026.04.07"]
[PlyCount "152"]

1.d4 Nf6 2.Nf3 c5 3.d5 b5 4.Bg5 Ne4 5.Bh4 Bb7 6.Qd3 f5 7.g4 c4 8.Qd4 Qa5+ 
9.c3 b4 10.gxf5 Bxd5 11.Ne5 bxc3 12.bxc3 Nd6 13.e4 Bxe4 14.Nxc4 Qxf5 15.
Nxd6+ exd6 16.Qe3 Qf3 17.Qxf3 Bxf3 18.Rg1 Nc6 19.Nd2 Bd5 20.f4 Rb8 21.Nc4 
Be6 22.Bg3 Kf7 23.O-O-O Be7 24.f5 Bxf5 25.Nxd6+ Bxd6 26.Bc4+ Ke8 27.Bxd6 
Rb1+ 28.Kd2 Rb2+ 29.Ke3 g6 30.Rd2 Rxd2 31.Kxd2 Be6 32.Bb5 Ne7 33.a4 Kf7 
34.a5 Rc8 35.a6 Bc4 36.Bxc4+ Rxc4 37.Rf1+ Ke6 38.Bg3 Ra4 39.Rf8 Rxa6 40.
Re8 Kf7 41.Rd8 Ke6 42.Re8 Ra5 43.Bc7 Rd5+ 44.Kc2 Kf7 45.Ra8 Nc6 46.Bg3 Rf5
47.Rh8 Kg7 48.Rc8 g5 49.Rc7 Rf7 50.Rb7 Kg6 51.Rb5 h6 52.Rd5 Rh7 53.Kd3 Kf6
54.Ke4 Re7+ 55.Kf3 a5 56.Rd6+ Kf5 57.Rxh6 g4+ 58.Kf2 a4 59.Rh5+ Ke4 60.Rg5
Kd3 61.Rxg4 Re4 62.Rg8 Kxc3 63.Ra8 Kb3 64.Bd6 Nb4 65.Kf3 Rc4 66.Be7 a3 67.
h4 a2 68.Bf6 Nd3 69.Ke3 Nb4 70.Kf3 Rc6 71.Bg7 Rg6 72.Be5 d6 73.Bd4 Nc2 74.
Rb8+ Kc4 75.Bb2 Ne1+ 76.Ke3 Rh6 0-1

[Event "26th EUR-ch"]
[Site "Katowice POL"]
[Date "2026.04.15"]
[Round "8.109"]
[White "Sipila, Vilka"]
[Black "Ribeiro, Gustavo"]
[Result "1-0"]
[WhiteElo "2479"]
[BlackElo "2280"]
[EventDate "2026.04.07"]
[PlyCount "81"]

1.e4 c5 2.Nf3 Nc6 3.Bb5 g6 4.O-O Bg7 5.Re1 Nf6 6.e5 Nd5 7.Nc3 Nc7 8.Bxc6 
bxc6 9.d4 cxd4 10.Qxd4 Ne6 11.Qh4 Rb8 12.b3 d5 13.Ba3 Rb7 14.Na4 O-O 15.
Rad1 Qc7 16.c4 Rd8 17.cxd5 Rxd5 18.h3 Qd8 19.Nc3 Rd3 20.Qc4 Rxd1 21.Rxd1 
Rd7 22.Re1 c5 23.Bxc5 Bb7 24.b4 Qc8 25.Ne4 Bd5 26.Qe2 Qb7 27.Qe3 Rc7 28.
Nd4 Nxd4 29.Qxd4 Rd7 30.a3 Bc6 31.Qc4 Bd5 32.Qd4 Bc6 33.Qe3 Bxe5 34.f3 Qc7
35.Rf1 Bb5 36.Re1 Bf4 37.Nf6+ Kh8 38.Qb3 Rd8 39.Nd5 Bh2+ 40.Kh1 Qb8 41.
Bxe7 1-0

[Event "26th EUR-ch"]
[Site "Katowice POL"]
[Date "2026.04.15"]
[Round "8.110"]
[White "Varga, Csaba Zoltan"]
[Black "Ljepic, Andrej"]
[Result "1/2-1/2"]
[WhiteElo "2280"]
[BlackElo "2446"]
[EventDate "2026.04.07"]
[PlyCount "169"]

1.e4 c5 2.Nf3 e6 3.c3 d5 4.exd5 exd5 5.d4 Nf6 6.Bd3 c4 7.Bc2 Bd6 8.O-O O-O
9.Re1 Nc6 10.b3 cxb3 11.axb3 Bg4 12.h3 Bh5 13.Bg5 Bg6 14.Nbd2 Rc8 15.Bxg6 
hxg6 16.Nf1 Bb8 17.Ne3 Qd6 18.Bxf6 gxf6 19.c4 dxc4 20.bxc4 Rfd8 21.c5 Qf8 
22.Qa4 b6 23.d5 Ne5 24.Nxe5 Bxe5 25.c6 Bxa1 26.Qxa1 f5 27.Qxa7 Qc5 28.Rb1 
Rxd5 29.Nxd5 Qxd5 30.Rc1 Qd2 31.Qa1 Qd6 32.Qa6 Qc7 33.Qb7 Kg7 34.h4 f4 35.
Rc4 f3 36.gxf3 Qxb7 37.cxb7 Rxc4 38.b8=Q Rxh4 39.Qxb6 Rh5 40.Qd4+ Kg8 41.
Kg2 Kf8 42.Kg3 Kg8 43.Qd8+ Kg7 44.Kg4 Rf5 45.Qd7 Rh5 46.Qc8 Rd5 47.Qc3+ 
Kg8 48.Qf6 Rh5 49.Kf4 Kf8 50.Ke4 Kg8 51.Kd4 Kf8 52.Ke3 Kg8 53.Ke4 Kf8 54.
f4 Kg8 55.Kf3 Kf8 56.Kg4 Kg8 57.Qd8+ Kg7 58.Qa8 Rf5 59.Qa1+ Kg8 60.Qh1 Kg7
61.Qh3 Rc5 62.Qh4 Rf5 63.Kf3 Rh5 64.Qg4 Rc5 65.Kg2 Rd5 66.Kh3 Rh5+ 67.Kg3 
Rd5 68.Kh4 Rc5 69.Qf3 Rb5 70.Qc3+ Kg8 71.Kg3 Rh5 72.Kg4 Kf8 73.Qf6 Kg8 74.
Kf3 Kf8 75.Ke4 Kg8 76.f5 Rxf5 77.Qxf5 gxf5+ 78.Kxf5 Kg7 79.Kg5 f6+ 80.Kf5 
Kf7 81.f3 Kg7 82.Ke6 Kg6 83.f4 f5 84.Ke5 Kg7 85.Kxf5 1/2-1/2

[Event "26th EUR-ch"]
[Site "Katowice POL"]
[Date "2026.04.15"]
[Round "8.111"]
[White "Filindash, Nikita"]
[Black "Sanikidze, Tornike"]
[Result "0-1"]
[WhiteElo "2279"]
[BlackElo "2432"]
[EventDate "2026.04.07"]
[PlyCount "68"]

1.d4 Nf6 2.c4 c5 3.d5 e6 4.Nc3 exd5 5.cxd5 g6 6.e4 d6 7.h3 Bg7 8.Nf3 O-O 
9.Bd3 Re8 10.O-O Nbd7 11.Bf4 c4 12.Bc2 Nc5 13.Nd2 b6 14.Re1 Ba6 15.Nf3 b5 
16.a3 Bb7 17.Nd4 a6 18.Qd2 Qb6 19.Rad1 Nfd7 20.Bh6 Bh8 21.Nf3 a5 22.Nd4 
Ba6 23.Nf5 Ne5 24.Qg5 Qd8 25.Qg3 b4 26.axb4 axb4 27.Ne2 Ned3 28.Bxd3 Nxd3 
29.Rxd3 cxd3 30.Ned4 Be5 31.Qg4 Qf6 32.Bg5 gxf5 33.Nxf5 Qg6 34.Nh4 h5 0-1

[Event "26th EUR-ch"]
[Site "Katowice POL"]
[Date "2026.04.15"]
[Round "8.112"]
[White "Hryzlova, Sofiia"]
[Black "Kusa, Jakub"]
[Result "0-1"]
[WhiteElo "2278"]
[BlackElo "2406"]
[EventDate "2026.04.07"]
[PlyCount "72"]

1.e4 c6 2.Nf3 d5 3.d3 g6 4.exd5 cxd5 5.d4 Bg7 6.Be2 Nc6 7.c3 Bf5 8.O-O e6 
9.Bf4 Nf6 10.h3 h5 11.Nbd2 Ne4 12.Qb3 Nxd2 13.Nxd2 Qe7 14.Nf3 Bf6 15.Be5 
Bxe5 16.Nxe5 O-O 17.f4 Kg7 18.Rae1 Rab8 19.a4 Rfc8 20.Qd1 Be4 21.Bf3 f5 
22.Re3 Nxe5 23.fxe5 b5 24.Kh2 bxa4 25.Bxh5 Rxb2 26.Rg3 Rxc3 27.Rxg6+ Kh7 
28.Qe1 Rcc2 29.Rg1 f4 30.Rg4 f3 31.Qa5 Rxg2+ 32.R1xg2 Rxg2+ 33.Rxg2 fxg2 
34.Bg4 Qf7 35.Qe1 Qf4+ 36.Kg1 Qf1+ 0-1

[Event "26th EUR-ch"]
[Site "Katowice POL"]
[Date "2026.04.15"]
[Round "8.113"]
[White "Mirski, Stanislaw"]
[Black "Czernek, Tymon"]
[Result "0-1"]
[WhiteElo "2266"]
[BlackElo "2401"]
[EventDate "2026.04.07"]
[PlyCount "80"]

1.d4 Nf6 2.c4 e6 3.Nf3 Bb4+ 4.Bd2 Qe7 5.g3 Bxd2+ 6.Nbxd2 d6 7.Bg2 O-O 8.
Qc2 e5 9.e3 Re8 10.dxe5 dxe5 11.Ng5 h6 12.h4 Nc6 13.Nge4 Nxe4 14.Bxe4 Bg4 
15.f3 Be6 16.Bxc6 bxc6 17.O-O-O Qc5 18.Qc3 Rab8 19.g4 a5 20.g5 h5 21.a4 
Rb4 22.b3 Reb8 23.Kc2 Bf5+ 24.e4 Be6 25.Rhe1 Rd8 26.Nf1 Rd4 27.Rxd4 exd4 
28.Qd3 Bxc4 29.bxc4 Rxc4+ 30.Kd1 Rc1+ 31.Ke2 Rc3 32.Qb1 d3+ 33.Kd1 Qf2 34.
Ne3 d2 35.Re2 Qg1+ 36.Kxd2 Qxb1 37.Kxc3 Qb4+ 38.Kd3 Qb3+ 39.Kd4 c5+ 40.Ke5
Qd3 0-1

[Event "26th EUR-ch"]
[Site "Katowice POL"]
[Date "2026.04.15"]
[Round "8.114"]
[White "Kiolbasa, Oliwia"]
[Black "Lehaci, Miruna-Daria"]
[Result "1-0"]
[WhiteElo "2394"]
[BlackElo "2258"]
[EventDate "2026.04.07"]
[PlyCount "57"]

1.e4 e6 2.d4 d5 3.Nc3 Nf6 4.e5 Nfd7 5.f4 c5 6.Nf3 Nc6 7.Be3 Be7 8.Be2 O-O 
9.O-O f6 10.exf6 Nxf6 11.Kh1 Bd6 12.g3 cxd4 13.Nxd4 e5 14.fxe5 Nxe5 15.Bg5
Be7 16.Nf5 Bxf5 17.Rxf5 Nf7 18.Bxf6 Bxf6 19.Nxd5 Bxb2 20.Rb1 Ba3 21.Bc4 
Kh8 22.Qd3 Nh6 23.Rh5 Qd6 24.Rxb7 Bc1 25.Qd4 Rg8 26.Re5 Qf8 27.Qe4 Qf2 28.
Bd3 g6 29.Ree7 1-0

[Event "26th EUR-ch"]
[Site "Katowice POL"]
[Date "2026.04.15"]
[Round "8.115"]
[White "Boci, Mateu"]
[Black "Lazov, Toni"]
[Result "1/2-1/2"]
[WhiteElo "2256"]
[BlackElo "2389"]
[EventDate "2026.04.07"]
[PlyCount "135"]

1.e4 c5 2.Nf3 d6 3.d4 cxd4 4.Qxd4 Nc6 5.Bb5 Bd7 6.Bxc6 Bxc6 7.Nc3 e6 8.Qd3
Ne7 9.Nd4 Ng6 10.Be3 a6 11.Nxc6 bxc6 12.O-O-O Qa5 13.f4 Be7 14.Kb1 Rb8 15.
b3 O-O 16.Bd2 Qc7 17.h4 d5 18.e5 Bb4 19.h5 Ne7 20.h6 g6 21.g4 c5 22.Qh3 
Nc6 23.Ne2 a5 24.Qh4 Qd8 25.Qxd8 Rfxd8 26.c3 Ba3 27.Bc1 Bxc1 28.Nxc1 g5 
29.Rh5 gxf4 30.Rf1 d4 31.cxd4 Rxd4 32.Ne2 Re4 33.Rg5+ Kf8 34.Nxf4 Ke7 35.
Nd3 c4 36.Rg7 Rf8 37.bxc4 Rxc4 38.Rf2 Rd4 39.Kc2 Re4 40.Rxh7 Rxg4 41.Kd2 
Rh4 42.Rf1 Rh5 43.Rb1 Nxe5 44.Rb7+ Kf6 45.Nxe5 Rxe5 46.Ra7 Rf5 47.Rg7 Rf2+
48.Ke3 Rxa2 49.Rg1 Rh2 50.Rf1+ Kg6 51.Rg1+ Kxh6 52.Rxa5 Rb8 53.Ra7 Rb3+ 
54.Ke4 Rh4+ 55.Ke5 Rh5+ 56.Kd6 Rd3+ 57.Ke7 Rg5 58.Rf1 Rf5 59.Rg1 Rdf3 60.
Ra8 Rg5 61.Rh8+ Kg7 62.Rgh1 Kg6 63.R8h6+ Kf5 64.Rf6+ Kg4 65.Rxf3 Kxf3 66.
Kxf7 Re5 67.Rh6 Ra5 68.Rxe6 1/2-1/2

[Event "26th EUR-ch"]
[Site "Katowice POL"]
[Date "2026.04.15"]
[Round "8.116"]
[White "Niedbala, Bartlomiej"]
[Black "Perets, Dmytro"]
[Result "1-0"]
[WhiteElo "2382"]
[BlackElo "2253"]
[EventDate "2026.04.07"]
[PlyCount "137"]

1.d4 Nf6 2.c4 e6 3.Nc3 d5 4.cxd5 exd5 5.Bg5 c6 6.e3 Be7 7.Bd3 Nbd7 8.Nge2 
O-O 9.Qc2 Re8 10.O-O Nf8 11.f3 h6 12.Bh4 Ne6 13.Rad1 b5 14.Kh1 a5 15.h3 
Ba6 16.e4 dxe4 17.fxe4 Nxd4 18.Nxd4 Qxd4 19.Bxb5 Qe5 20.Bxa6 Rxa6 21.Rf5 
Qe6 22.Rdf1 Rf8 23.Ne2 c5 24.Bxf6 Bxf6 25.b3 Bd4 26.Nf4 Qd7 27.e5 Re8 28.
e6 fxe6 29.Qc4 Kh7 30.Rxc5 Bxc5 31.Qxa6 Rf8 32.Qe2 Bd4 33.Qe4+ Kg8 34.Rd1 
e5 35.Ng6 Re8 36.Nxe5 Qb5 37.Rxd4 Rxe5 38.Rd8+ Kf7 39.Qf4+ Rf5 40.Qc7+ Kg6
41.Rd7 Qf1+ 42.Kh2 Qa1 43.Re7 Qd4 44.Rd7 Qb2 45.Qc6+ Kh7 46.Qe4 Qe5+ 47.
Qxe5 Rxe5 48.Ra7 Kg6 49.Kg3 Kf6 50.Kf3 h5 51.Ra6+ Kf5 52.Rc6 g6 53.a4 Rd5 
54.Ke3 Re5+ 55.Kd3 Rd5+ 56.Kc4 Rd2 57.g4+ hxg4 58.hxg4+ Kg5 59.Rc5+ Kxg4 
60.Rxa5 g5 61.Ra8 Kg3 62.a5 g4 63.b4 Kg2 64.Rg8 g3 65.a6 Kf2 66.a7 Ra2 67.
a8=Q Ra4 68.Qa6 Rxa6 69.Ra8 1-0

[Event "26th EUR-ch"]
[Site "Katowice POL"]
[Date "2026.04.15"]
[Round "8.117"]
[White "Kurmann, Oliver"]
[Black "Karpus, Michal"]
[Result "0-1"]
[WhiteElo "2377"]
[BlackElo "2243"]
[EventDate "2026.04.07"]
[PlyCount "68"]

1.e4 e6 2.d4 d5 3.Nd2 Nf6 4.e5 Nfd7 5.f4 c5 6.c3 Nc6 7.Ndf3 Qb6 8.a3 Be7 
9.h4 a5 10.b3 Qc7 11.Kf2 Nb6 12.g3 Bd7 13.Kg2 cxd4 14.cxd4 a4 15.b4 Na7 
16.Bd3 Bb5 17.Bb1 Qc3 18.Ra2 Qb3 19.Qxb3 axb3 20.Rf2 Bc4 21.Nh3 Nb5 22.Bb2
Na4 23.f5 Nxb2 24.Rxb2 Rxa3 25.fxe6 fxe6 26.Nf4 Kd7 27.Ng5 Nxd4 28.Ngxe6 
Nxe6 29.Bf5 Ra6 30.b5 Rb6 31.Rd1 Rf8 32.Nxd5 Bxd5+ 33.Rxd5+ Kc7 34.Bxh7 
Nc5 0-1

[Event "26th EUR-ch"]
[Site "Katowice POL"]
[Date "2026.04.15"]
[Round "8.118"]
[White "Arat, Ufuk Sezen"]
[Black "Bourg, Nicolas"]
[Result "0-1"]
[WhiteElo "2372"]
[BlackElo "2249"]
[EventDate "2026.04.07"]
[PlyCount "178"]

1.d4 f5 2.Bg5 d6 3.e3 Nd7 4.Bd3 c6 5.Nc3 Ndf6 6.Nge2 e5 7.dxe5 dxe5 8.f4 
h6 9.Bh4 g5 10.Bf2 Ng4 11.Bg1 Bc5 12.fxe5 Nxe5 13.Nd4 Nxd3+ 14.Qxd3 Nf6 
15.O-O-O Bb4 16.h4 g4 17.Bh2 Bxc3 18.Qxc3 Ne4 19.Qb3 Qb6 20.Be5 Rf8 21.
Rhf1 Rf7 22.Qa3 Bd7 23.Nb3 Qxe3+ 24.Kb1 Qb6 25.Nd2 Nxd2+ 26.Rxd2 Re7 27.
Bf6 Re6 28.Rfd1 Qc7 29.Bg7 c5 30.Bxh6 Rxh6 31.Rxd7 Qxd7 32.Rxd7 Kxd7 33.
Qd3+ Kc6 34.Qxf5 Re8 35.b3 Rg8 36.g3 Rhg6 37.a4 a5 38.Kb2 b6 39.Kc3 Kd6 
40.Kc4 Ke7 41.Qe5+ Kf7 42.Qc7+ Kf8 43.Kd5 R8g7 44.Qd8+ Kf7 45.Ke5 Re6+ 46.
Kf5 Rh6 47.Qd5+ Kf8 48.Qd2 Rgg6 49.Qd8+ Kg7 50.Kf4 Kh7 51.Qd3 Kh8 52.h5 
Rg7 53.Qf5 Kg8 54.Ke5 Re7+ 55.Kd5 Rg7 56.Qc8+ Kh7 57.Qe8 Rg5+ 58.Ke4 Rg8 
59.Qe5 Rg7 60.Kf4 Kg8 61.Qe8+ Kh7 62.c3 Rf6+ 63.Ke4 Rh6 64.Kd3 Rg8 65.Qf7+
Rg7 66.Qf5+ Kg8 67.Kc4 Kh8 68.Kb5 Kg8 69.Qd5+ Kh7 70.Qd8 Rg8 71.Qc7+ Rg7 
72.Qf4 Rg8 73.Qf5+ Kh8 74.Ka6 Ra8+ 75.Kb7 Rg8 76.Qe5+ Rg7+ 77.Kc8 Kg8 78.
Qe8+ Kh7 79.Qe4+ Kh8 80.Qe5 Kg8 81.Qd5+ Kh8 82.Qe5 c4 83.bxc4 Rc6+ 84.Kd8 
Rc5 85.Qf6 Rxh5 86.Ke8 Rc5 87.Qh6+ Kg8 88.Qe6+ Kh7 89.Kf8 Rc8+ 0-1

[Event "26th EUR-ch"]
[Site "Katowice POL"]
[Date "2026.04.15"]
[Round "8.119"]
[White "Hulka, Valentyn"]
[Black "Zalega, Maciej"]
[Result "1/2-1/2"]
[WhiteElo "2372"]
[BlackElo "2233"]
[EventDate "2026.04.07"]
[PlyCount "119"]

1.d4 f5 2.g3 Nf6 3.Bg2 g6 4.Nd2 Bg7 5.e4 fxe4 6.Nxe4 Nxe4 7.Bxe4 O-O 8.c3 
d5 9.Bg2 c6 10.f4 Qb6 11.Qe2 Bf5 12.Nh3 Na6 13.O-O c5 14.dxc5 Nxc5 15.Be3 
Qc6 16.Nf2 Rad8 17.Rad1 Ne4 18.Bd4 h5 19.Bxg7 Kxg7 20.Rd4 Qb6 21.Nd3 g5 
22.Qe3 g4 23.Re1 e6 24.Nf2 Nd6 25.Qe2 Nc4 26.b3 Na3 27.Rb4 Qc7 28.Qe5+ 
Qxe5 29.Rxb7+ Rf7 30.Rxf7+ Kxf7 31.Rxe5 Kf6 32.h3 Rc8 33.hxg4 hxg4 34.Nd1 
Nb1 35.Ne3 Nxc3 36.Nxf5 exf5 37.Bxd5 Nxd5 38.Rxd5 Rc1+ 39.Kf2 Rc2+ 40.Ke3 
Rxa2 41.Kd4 Rg2 42.Rd6+ Ke7 43.Ra6 Rxg3 44.Rxa7+ Ke6 45.Ra6+ Kf7 46.Rb6 
Rf3 47.Ke5 g3 48.Kxf5 g2 49.Rf6+ Kg7 50.Rg6+ Kf7 51.Rxg2 Rxb3 52.Re2 Rb5+ 
53.Re5 Rxe5+ 54.fxe5 Ke7 55.e6 Ke8 56.Ke5 Ke7 57.Kd5 Ke8 58.Kd6 Kd8 59.e7+
Ke8 60.Ke6 1/2-1/2

[Event "26th EUR-ch"]
[Site "Katowice POL"]
[Date "2026.04.15"]
[Round "8.120"]
[White "Veljanoski, Andrej"]
[Black "Talu, Mircea"]
[Result "0-1"]
[WhiteElo "2255"]
[BlackElo "2371"]
[EventDate "2026.04.07"]
[PlyCount "82"]

1.Nf3 d5 2.g3 c6 3.Bg2 Bg4 4.O-O Nd7 5.d4 e6 6.h3 Bh5 7.c4 Ngf6 8.cxd5 
exd5 9.Qb3 Qb6 10.Qe3+ Be7 11.Nh4 Bg6 12.Nxg6 hxg6 13.Nc3 Nf8 14.Na4 Qc7 
15.Nc5 N6d7 16.b4 a5 17.Nxd7 Qxd7 18.bxa5 Rxa5 19.a4 Ne6 20.Bd2 Ra7 21.h4 
O-O 22.a5 f5 23.Qd3 Bf6 24.Bc3 g5 25.Qxf5 Bxd4 26.Qd3 Bxc3 27.Qxc3 gxh4 
28.Bh3 Rf6 29.Ra4 hxg3 30.fxg3 Rxf1+ 31.Kxf1 Ra8 32.Qe5 Re8 33.Ke1 Nc5 34.
Qh5 Qf7 35.Qxf7+ Kxf7 36.Ra3 Ra8 37.Kd2 Rxa5 38.Rxa5 Nb3+ 39.Kc3 Nxa5 40.
Kb4 b6 41.Bd7 Ke7 0-1

[Event "26th EUR-ch"]
[Site "Katowice POL"]
[Date "2026.04.15"]
[Round "8.121"]
[White "Holtel, Jasper"]
[Black "Pycinski, Wladyslaw"]
[Result "1/2-1/2"]
[WhiteElo "2370"]
[BlackElo "2218"]
[EventDate "2026.04.07"]
[PlyCount "65"]

1.Nf3 d5 2.e3 Nf6 3.c4 e6 4.Nc3 Bd6 5.b3 O-O 6.Bb2 Re8 7.Nb5 Be7 8.Be5 Na6
9.Be2 c6 10.Nc3 Nc5 11.Qc2 Ncd7 12.Bg3 Nf8 13.h3 b6 14.O-O Bb7 15.Rfd1 Ng6
16.d4 Bd6 17.Bxd6 Qxd6 18.Rac1 Qe7 19.Bd3 Rad8 20.Ne5 dxc4 21.Nxg6 hxg6 
22.Bxc4 c5 23.Ne2 cxd4 24.Nxd4 Rc8 25.Qe2 Ne4 26.f3 Nd6 27.Ba6 Nf5 28.Nxf5
gxf5 29.Bxb7 Qxb7 30.Qb5 Red8 31.Rxc8 Qxc8 32.Rxd8+ Qxd8 33.Qe2 1/2-1/2

[Event "26th EUR-ch"]
[Site "Katowice POL"]
[Date "2026.04.15"]
[Round "8.122"]
[White "Mkrtchian, Mariam"]
[Black "Rodriguez Redondo, Adhara"]
[Result "1/2-1/2"]
[WhiteElo "2368"]
[BlackElo "2203"]
[EventDate "2026.04.07"]
[PlyCount "138"]

1.d4 d5 2.Nf3 Nf6 3.c4 e6 4.Nc3 Bb4 5.Bg5 h6 6.Bxf6 Qxf6 7.e3 O-O 8.Rc1 
dxc4 9.Bxc4 c5 10.O-O Bxc3 11.Rxc3 cxd4 12.Nxd4 Bd7 13.Qb3 e5 14.Nb5 Nc6 
15.Qa3 Rad8 16.Nd6 Bf5 17.Nxb7 Rd2 18.Bb5 Ne7 19.Nc5 e4 20.Nb3 Rd6 21.Nd4 
Bh3 22.f4 Qg6 23.Rc2 a6 24.Bc4 Rfd8 25.Qb3 Bf5 26.a4 h5 27.Qc3 h4 28.Qe1 
Qf6 29.Qf2 Rxd4 30.exd4 e3 31.Qe2 Bxc2 32.Qxc2 Qxd4 33.Be2 Qf6 34.Qc3 Qb6 
35.a5 Qe6 36.Qe5 Rd2 37.Qxe6 fxe6 38.Bxa6 Rxb2 39.Bc4 Nd5 40.a6 Rb4 41.
Bxd5 exd5 42.Ra1 Rb8 43.a7 Ra8 44.Kf1 Kf7 45.Ke2 d4 46.Ra6 Ke7 47.Kd3 Kf7 
48.f5 Kf8 49.g4 hxg3 50.hxg3 g6 51.Rf6+ Ke8 52.fxg6 Rxa7 53.Re6+ Kf8 54.
Kxd4 e2 55.Rxe2 Ra6 56.Ke5 Rxg6 57.Kf4 Ra6 58.g4 Kg7 59.Kg5 Ra5+ 60.Kh4 
Ra7 61.Re6 Ra5 62.Rb6 Rc5 63.g5 Rc1 64.Rb7+ Kg6 65.Rb6+ Kg7 66.Kg4 Rg1+ 
67.Kf5 Rf1+ 68.Kg4 Rg1+ 69.Kf5 Rf1+ 1/2-1/2